| 000 | 00594nam a2200205 4500 | ||
|---|---|---|---|
| 001 | 123690 | ||
| 003 | ES-MaACL | ||
| 005 | 20240601063025.0 | ||
| 007 | t| | ||
| 008 | 070214s1963 sp r ||||1| spa d | ||
| 100 | 1 |
_aQuintanilla Buey, Andrés. _994701 |
|
| 245 | 1 | 0 |
_aInstantes / _cAndrés Quintanilla Buey. |
| 260 |
_aPalencia : _b[s.n.], _c1963 ( _fImp. Merino) |
||
| 300 |
_a65 p. ; _c22 cm. |
||
| 490 | 1 |
_aColección Rocamador ; _v36 |
|
| 830 | 0 | 0 |
_aRocamador (Serie) ; _v36 _9236737 |
| 852 |
_aES-MaACL _j2089-F-18 _bR.89035 |
||
| 942 | _2udc | ||
| 999 |
_c123690 _d123690 |
||